000 00481nab a2200145Ia 4500
003 ES-SlBCS
005 20210601134619.0
008 140529s1999 xxu||||| |||| 00| 0 spa d
041 _aspa
100 1 _aCastillo Lara, Lucas Guillermo
_9220436
245 0 0 _aAlgunas notas sobre la historia eclesial venezolana en el siglo XIX
_c Lucas Guillermo Castillo Lara
650 4 _aIglesia Venezolana
_9220437
773 0 _tAnthropos
_gvol. 20, nº. 39, 1999, págs. 45
_wRev38
942 _cAR
999 _c615297
_d615297